000 00352 a2200109 4500
001 ART_41675
005 20260410161805.0
008 260409a
245 1 0 _aLas sociedades simples e informales frente a los impuestos
100 1 _aCerchiara, Claudia M.
773 0 _tDoctrina Societaria y Concursal
_g- NÂș 353 (abr. 2017)
_wREV4298
999 _c20946
_d20946